LEADER 01242nam a2200301 4500 001 000000345798 003 CaOOAMICUS 005 20210519095133.0 008 210505s2021 it 000 u ita r 020 $a978-88-330-0234-7 040 $aSeMil$bita 100 1 $aMenne, Antonello,$d<1962- >.$0(OLS)http://semarc/name/110277 245 10$aDa Roma a Gerusalemme :$bdiario di un cammino /$cAntonello Menne. 264 1$aPadova :$bPrimiceri Editore,$c2021. 300 $a208 p. ;$c21 cm 490 1 $apenarrativa 541 0 $aOmaggio mons. Mario Delpini (3J II 431) 650 4$aGerusalemme - Pellegrinaggi.$0(OLS)http://semarc/subject/979 650 4$aGesù Cristo - Storicità.$0(OLS)http://semarc/subject/4538 830 0$apenarrativa.$0(OLS)http://semarc/title/434957 850 $aSeMil 852 $aSeMil$W1$xVenegono$y1$m3J II 431$j226245$B236854$CSeMilBibl$Z2$F236854 $81 941 1 $a7 961 $aOmaggio mons. Mario Delpini 996 $6020$a978-88-330-0234-7$9(OLS)http://semarc/number/293084 996 $6245$aDa Roma a Gerusalemme :$bdiario di un cammino$9(OLS)http://semarc/title/434956 996 $6264$aPadova :$bPrimiceri Editore$9(OLS)http://semarc/publisher/59765 LEADER 01083nam a2200205 i 4500 001 000000205618 003 CaOOAMICUS 005 20110826000000.0 008 110826s1763 it u000 u ita u 013 $a184356 026 $ao.to ois- rave bTaT (7) 1763 (R) 040 $aSeMil$bita 245 10$aTomo 2. 300 $aCCCLXXXVI, [6] p. 500 $aSegn. : A-Z8 2A8 2B4. - A c. 2B3r : Catalogo d'alcuni libri impressi in Padova da Giuseppe Comino libraio sotto le scuole pubbliche del Bue. 700 1 $aBaratti, Antonio .$0(OLS)http://semarc/name/90145 773 0 $aMacpherson, James$tPoesie di Ossian figlio di Fingal, antico poeta celtico, ultimamente scoperte e tradotte in prosa inglese da Jacopo Macpherson, e da quella trasportate in verso italiano dall'ab. Melchior Cesarotti con varie annotazioni de' due traduttori. Tomo 1 [-2].$dIn Padova : Appresso Giuseppe Comino, 1763.$g2$w()5254 850 $aSeMil 852 $aSeMil$W1$xVenegono$y1$m1P I 22 FA$j156112$B156112$CSeMilBibl$Z2$F167468 $8I 996 $6245$aTomo 2$9(OLS)http://semarc/title/49331